000 00239nam a22001217a 4500
003 SGT
082 _a364.15
_bSAN
100 _aSANDEEP
245 _aTHE CRIME OF GENOCIDE AN ANALYSIS
260 _c2021
300 _a54
942 _2ddc
_cTH
999 _c34057
_d34057